| 000 | 00514nam a22001937a 4500 | ||
|---|---|---|---|
| 003 | OSt | ||
| 005 | 20140310181757.0 | ||
| 008 | 130701t xxu||||| |||| 00| 0 eng d | ||
| 020 | _a9715380123 | ||
| 050 |
_aDS 653.7 _b.D135 1985 |
||
| 082 |
_aFIL 920 _bDa14 |
||
| 245 | _aMga dakilang Pilipino / | ||
| 260 |
_aManila : _bPambansang Suriang Pangkasaysayan, _c1985. |
||
| 300 |
_avii, 94 p. : _bill.; _c23 cm. : |
||
| 520 | _a1. Heroes and heroines | ||
| 562 | _e1 | ||
| 942 |
_2lcc _cBK _kFIL |
||
| 999 |
_c3504 _d3504 |
||